000
00316nam a22001457a 4500
008
210428b ||||| |||| 00| 0 eng d
020
_a
3525205740
041
_a
eng
080
_a
82
082
_a
82
100
_a
21
101
_a
GJL
245
_a
Die Verwaltung des Abenteuers
_c
Simanowski,R
942
_2
udc
_c
BK
999
_c
56900
_d
56900